000 00455nam a2200181Ia 4500
008 090124s9999 xx 000 0 und d
082 _b10763
_a2602
100 _aदेसाई रणजित
245 _a बारी
250 _a1
260 _c1959
300 _a15+223
600 _aदेसाई रणजित
630 _a बारी
700 _aदेसाई रणजित
730 _a बारी
942 _cBOOK
999 _c124907
_d124907